00730nam a2200229Ia 4500003000400000005001700004006001800021007000300039008004100042024001100083037001100094040001800105041001300123100002500136110009800161245007500259260000900334300001700343650001300360700002900373700009800402OSt20220930081027.0a|||||r|||| 00| 0ta220926b |||||||| |||| 00| 0 eng d a100897 cTheses aCRLcCRLbeng 2engaeng aSingh Amarjeet Kumar aUniversity of Delhi. Faculty of Inter-displinary and Applied Sciences. Department of Genetics 0aDevelopment of transgenics in cotton with cry genes and their analysis c2009 a133ap.ccm. aGENETICS a Prof. Deepak Pental Gu. aUniversity of Delhi. Faculty of Inter-displinary and Applied Sciences. Department of Genetics